[Event "World Rapid 2019"]
[Site "Moscow RUS"]
[Date "2019.12.27"]
[Round "6.21"]
[White "Aravindh, Chithambaram VR."]
[Black "Mamedov, Rauf"]
[Result "1-0"]
[WhiteTitle "GM"]
[BlackTitle "GM"]
[WhiteElo "2605"]
[BlackElo "2659"]
[WhiteFideId "5072786"]
[BlackFideId "13401653"]
[EventDate "2019.12.26"]

1. d4 d5 2. c4 e6 3. Nf3 a6 4. Nc3 Nf6 5. cxd5 exd5 6. Qb3 Ra7 7. Bg5 Be6 8. e3
Nbd7 9. Qc2 h6 10. Bh4 g5 11. Bg3 Nh5 12. Be5 Nhf6 13. h3 Nxe5 14. Nxe5 Bg7 15.
Bd3 O-O 16. O-O c5 17. dxc5 Qc7 18. Nf3 Qxc5 19. Rac1 Raa8 20. Rfd1 Rac8 21. Nd4
Qb6 22. Qe2 Rfe8 23. a3 Qd6 24. Nxe6 Qxe6 25. Bb1 Ne4 26. Ba2 Bxc3 27. Bxd5 Qf6
28. Bxb7 Rb8 29. Bxe4 Rxb2 30. Qf3 Rb6 31. Rd7 Qxf3 32. gxf3 Be5 33. Bd5 Rf8 34.
Rc4 Kg7 35. Kg2 Rb2 36. Rc6 a5 37. Rc5 Rd2 38. Rxa5 h5 39. Rxf7+ Rxf7 40. Bxf7
Bc3 41. Ra7 h4 42. Bc4+ Kf6 43. Ra6+ Kg7 44. Rb6 Be5 45. Rb5 Kf6 46. Rb6+ Kg7
47. Rb5 Kf6 48. Kf1 Bc3 49. Rb6+ Kg7 50. Rb7+ Kf6 51. Rb6+ Kg7 52. Rb1 Kf6 53.
a4 Rc2 54. Bb3 Rd2 55. Bc4 Rc2 56. Rb6+ Ke7 57. Bd3 Rd2 58. Rb7+ Kf6 59. Bc4 Rc2
60. f4 Rc1+ 61. Kg2 gxf4 62. Rf7+ Ke5 63. Rxf4 Ra1 64. Bb5 Ra2 65. Rxh4 Bd2 66.
Kg3 Be1 67. Rf4 Ra3 68. Kg2 Ra2 69. h4 Bd2 70. Kg3 Ra1 71. Kf3 Rh1 72. Ke2 Bc3
73. Rc4 Ba5 74. Bc6 Re1+ 75. Kf3 Kd6 76. Be4 Rh1 77. Rc6+ Ke7 78. Rc5 Bb4 79.
Re5+ Kf6 80. Rf5+ Ke6 81. h5 Be1 82. Ke2 Bc3 1-0

[Event "World Rapid 2019"]
[Site "Moscow RUS"]
[Date "2019.12.27"]
[Round "6.22"]
[White "Vokhidov, Shamsiddin"]
[Black "Laznicka, Viktor"]
[Result "0-1"]
[WhiteTitle "IM"]
[BlackTitle "GM"]
[WhiteElo "2526"]
[BlackElo "2648"]
[WhiteFideId "14204223"]
[BlackFideId "316385"]
[EventDate "2019.12.26"]

1. e4 d5 2. exd5 Qxd5 3. Nc3 Qa5 4. d4 Nf6 5. Bc4 Bg4 6. Be2 Bxe2 7. Qxe2 Nc6 8.
Nf3 O-O-O 9. Be3 e5 10. dxe5 Ba3 11. O-O Bxb2 12. Rab1 Bxc3 13. exf6 Bxf6 14.
Nd2 Nd4 15. Bxd4 Bxd4 16. Nb3 Qf5 17. Nxd4 Rxd4 18. c3 Re4 19. Qb2 b6 20. Qc2
Rhe8 21. Rb4 g6 22. Qd3 Kb7 23. Rxe4 Rxe4 24. g3 Qe6 25. Qf3 f5 26. Re1 a5 27.
h4 a4 28. a3 Qc6 29. Re3 Rc4 30. Qxc6+ Kxc6 31. Kf1 Kb5 32. Rd3 Rc6 33. Ke2 Kc4
34. Kd2 Rd6 35. Rxd6 cxd6 36. Kc2 d5 0-1

[Event "World Rapid 2019"]
[Site "Moscow RUS"]
[Date "2019.12.27"]
[Round "6.24"]
[White "Artemiev, Vladislav"]
[Black "Tsvetkov, Andrey"]
[Result "1-0"]
[WhiteTitle "GM"]
[BlackTitle "FM"]
[WhiteElo "2731"]
[BlackElo "2350"]
[WhiteFideId "24101605"]
[BlackFideId "34139360"]
[EventDate "2019.12.26"]

1. Nf3 d5 2. b3 c6 3. Bb2 Bg4 4. e3 Nd7 5. h3 Bh5 6. d3 e6 7. Nbd2 Ngf6 8. g4
Bg6 9. Nh4 Bd6 10. Bg2 Qe7 11. a3 O-O 12. O-O e5 13. Nxg6 hxg6 14. c4 a5 15. g5
Nh5 16. cxd5 cxd5 17. h4 Nc5 18. Bxd5 Nxd3 19. Bc3 Rfd8 20. Qf3 Nc5 21. Rfd1 Bc7
22. Ne4 Ne6 23. Bxb7 Rxd1+ 24. Rxd1 Rb8 25. Bd5 Qxa3 26. Bxe6 fxe6 27. Rd7 Rf8
28. Qg4 Bb8 29. Qxe6+ Kh7 30. Nf6+ Nxf6 31. gxf6 Qc1+ 32. Kg2 Qxc3 33. Rxg7+ Kh8
34. Qd7 Qc7 35. Qxc7 Bxc7 36. Rxc7 Rxf6 37. Rc5 Rb6 38. Rxe5 Rxb3 39. Rxa5 1-0

[Event "World Rapid 2019"]
[Site "Moscow RUS"]
[Date "2019.12.27"]
[Round "6.26"]
[White "Karjakin, Sergey"]
[Black "Kovalev, Vladislav"]
[Result "1-0"]
[WhiteTitle "GM"]
[BlackTitle "GM"]
[WhiteElo "2754"]
[BlackElo "2662"]
[WhiteFideId "14109603"]
[BlackFideId "13504398"]
[EventDate "2019.12.26"]

1. e4 e5 2. Nf3 Nc6 3. Bc4 Bc5 4. c3 Nf6 5. d3 d6 6. O-O O-O 7. h3 h6 8. Re1 a5
9. Bb5 Ba7 10. Nbd2 Ne7 11. d4 Ng6 12. a4 c6 13. Bd3 Nh5 14. Bf1 Nhf4 15. Nc4
exd4 16. Nxd4 Qf6 17. Be3 d5 18. Nd2 Bd7 19. Qb3 Rab8 20. N4f3 Bxe3 21. Rxe3
Rfe8 22. Rae1 Be6 23. Qb6 Qd8 24. Qxd8 Rexd8 25. Nd4 dxe4 26. Nxe4 Bd5 27. g3
Ne6 28. Nxe6 Bxe6 29. Nc5 Nf8 30. Nxe6 Nxe6 31. Bc4 Rd2 32. Bxe6 fxe6 33. R1e2
Rxe2 34. Rxe2 Kf7 35. Rd2 Ke7 36. Kf1 b5 37. axb5 cxb5 38. Rd4 e5 39. Re4 Kf6
40. Ke2 Kf5 41. f3 Rd8 42. Re3 Rd5 43. h4 g5 44. Re4 Rd6 45. h5 Rd5 46. g4+ Ke6
47. c4 Rc5 48. Kd3 bxc4+ 49. Rxc4 Kd5 50. Rxc5+ Kxc5 51. Ke4 Kc4 52. Kf5 Kb3 53.
Kg6 Kxb2 54. Kxh6 a4 55. Kg6 a3 56. h6 a2 57. h7 a1=Q 58. h8=Q Qb1+ 59. Kf6 Kc3
60. Qe8 Qb6+ 61. Kf5 Kd2 62. Qxe5 Qd8 63. Qe4 Qa5+ 64. Kg6 Kd1 65. Qd3+ Ke1 66.
Qe3+ Kf1 67. Qxg5 Qa6+ 68. Qf6 Qd3+ 69. Kh6 Kg2 70. g5 Kg3 71. g6 Kf2 72. g7 Qd5
73. f4 Qh1+ 74. Kg6 Qg2+ 75. Qg5 Qc6+ 76. Kh7 Qd7 77. f5 Kf1 78. f6 Qh3+ 79. Qh6
Qf5+ 80. Kh8 1-0

[Event "World Rapid 2019"]
[Site "Moscow RUS"]
[Date "2019.12.27"]
[Round "6.27"]
[White "Jakovenko, Dmitry"]
[Black "Paravyan, David"]
[Result "1/2-1/2"]
[WhiteTitle "GM"]
[BlackTitle "GM"]
[WhiteElo "2698"]
[BlackElo "2629"]
[WhiteFideId "4122356"]
[BlackFideId "4194985"]
[EventDate "2019.12.26"]

1. e4 c5 2. Nf3 Nc6 3. Bb5 g6 4. Bxc6 bxc6 5. d4 Ba6 6. dxc5 Qa5+ 7. Nbd2 Nf6 8.
a3 Qxc5 9. c4 Nxe4 10. Nxe4 Qxc4 11. Nfd2 Qe6 12. Qa4 c5 13. Kd1 Bg7 14. Re1 Qb6
15. Nc4 Bxc4 16. Qxc4 O-O 17. Nc3 e6 18. Ke2 d5 19. Qa4 c4 20. Kf1 Rac8 21. Nd1
d4 22. Bf4 Qc5 23. Rc1 e5 24. Bd2 Qd5 25. Qa5 Rc5 26. Qxa7 Ra8 27. Qe7 Rcc8 28.
Bb4 Qb5 29. Kg1 Rab8 30. Qg5 h6 31. Qd2 f5 32. f3 Re8 33. Nf2 Rbc8 34. Re2 Qd5
35. Rce1 Re6 36. Qc1 Rce8 37. Rc2 Rc8 38. Nd3 g5 39. Nc5 Rec6 40. Rxc4 Bf8 41.
h4 Bxc5 42. Bxc5 Rxc5 43. Rxc5 Rxc5 44. Qd2 d3 45. hxg5 Qd4+ 46. Kh2 Qh4+ 47.
Kg1 Qd4+ 48. Kh2 Rc2 49. Qb4 Qxb4 50. axb4 d2 51. Rd1 hxg5 52. Kg3 Kf7 53. Kf2
Ke6 54. Ke2 Rxb2 55. Rxd2 Rxb4 56. Ra2 g4 57. Kf2 Kf6 58. Re2 Rc4 59. Kg3 Rd4
60. Kf2 Ke6 61. Ra2 Rc4 62. Rb2 Kd5 63. Rd2+ Rd4 64. Ra2 Rd3 65. Ra5+ Ke6 66.
Ra6+ Kf7 67. Rb6 Rd2+ 68. Kg3 Rd3 69. Kf2 f4 70. fxg4 Rg3 71. Ra6 Rxg4 72. Kf3
Rg5 73. Ke4 Ke7 74. Rb6 Kf7 75. Ra6 Kg7 76. Re6 Rxg2 77. Rxe5 Re2+ 78. Kxf4 Rxe5
79. Kxe5 1/2-1/2

[Event "World Rapid 2019"]
[Site "Moscow RUS"]
[Date "2019.12.27"]
[Round "6.28"]
[White "Iturrizaga Bonelli, Eduardo"]
[Black "Petrosian, Tigran L."]
[Result "0-1"]
[WhiteTitle "GM"]
[BlackTitle "GM"]
[WhiteElo "2597"]
[BlackElo "2601"]
[WhiteFideId "3901211"]
[BlackFideId "13301616"]
[EventDate "2019.12.26"]

1. c4 e5 2. g3 h5 3. h4 Nf6 4. Bg2 Bc5 5. Nc3 d6 6. d3 Ng4 7. e3 Nc6 8. a3 a5 9.
Nf3 O-O 10. O-O Bf5 11. b3 Qd7 12. d4 exd4 13. Nxd4 Bxd4 14. exd4 Rae8 15. Bf4
Nf6 16. Ra2 Bg4 17. Qd3 Bh3 18. Raa1 Bf5 19. Qd2 Ne4 20. Nxe4 Bxe4 21. f3 Bg6
22. Rfe1 Qf5 23. d5 Ne5 24. Bxe5 Rxe5 25. f4 Ree8 26. Qxa5 Qd3 27. Kh2 Qxb3 28.
Qxc7 Qb2 29. Qd7 Be4 30. Qh3 Qf2 31. Rf1 Qb2 32. Rae1 Bd3 33. Rg1 Qf2 34. Rxe8
Rxe8 35. c5 g6 36. Qd7 Re3 37. Qd8+ Kg7 0-1

[Event "World Rapid 2019"]
[Site "Moscow RUS"]
[Date "2019.12.27"]
[Round "6.29"]
[White "Salem, A.R. Saleh"]
[Black "Kobalia, Mikhail"]
[Result "1-0"]
[WhiteTitle "GM"]
[BlackTitle "GM"]
[WhiteElo "2675"]
[BlackElo "2609"]
[WhiteFideId "9301348"]
[BlackFideId "4119150"]
[EventDate "2019.12.26"]

1. d4 d5 2. c4 e6 3. Nc3 a6 4. cxd5 exd5 5. Nf3 c6 6. Qc2 Bd6 7. Bg5 Ne7 8.
O-O-O h6 9. Bxe7 Bxe7 10. e4 dxe4 11. Qxe4 Nd7 12. d5 O-O 13. dxc6 bxc6 14. Ne5
Qe8 15. Bd3 Bg5+ 16. Kb1 Nf6 17. Qd4 c5 18. Qxc5 Be6 19. Rhe1 Qc8 20. Qxc8 Rfxc8
21. g3 Ng4 22. f4 Bf6 23. Nxg4 Bxg4 24. Rc1 Rab8 25. Ka1 a5 26. Rc2 Be6 27. Rec1
Rd8 28. Be4 Rd4 29. Re1 a4 30. a3 Bb3 31. Rce2 Rbd8 32. Bc2 Kf8 33. Kb1 Rd2 34.
Kc1 R2d4 35. Re4 Rc8 36. Bxb3 axb3 37. Rxd4 Bxd4 38. Re4 Bxc3 39. bxc3 Rxc3+ 40.
Kb2 Rc2+ 41. Kxb3 Rxh2 42. a4 Rh3 43. Re3 g5 44. fxg5 hxg5 45. a5 Kg7 46. Kc4
Kf6 47. a6 Rh8 48. g4 Kg7 49. Re5 f6 50. Ra5 Ra8 51. a7 f5 52. gxf5 Kf6 53. Kd4
g4 54. Ke3 Kg5 55. Kf2 Kh4 56. f6 Kh3 57. Rh5# 1-0

[Event "World Rapid 2019"]
[Site "Moscow RUS"]
[Date "2019.12.27"]
[Round "6.30"]
[White "Tomashevsky, Evgeny"]
[Black "Tari, Aryan"]
[Result "1/2-1/2"]
[WhiteTitle "GM"]
[BlackTitle "GM"]
[WhiteElo "2705"]
[BlackElo "2634"]
[WhiteFideId "4147235"]
[BlackFideId "1510045"]
[EventDate "2019.12.26"]

1. c4 c5 2. Nf3 Nf6 3. b3 b6 4. g3 g6 5. Bg2 Bb7 6. O-O Bg7 7. Bb2 O-O 8. Nc3 d5
9. Nxd5 Nxd5 10. Bxg7 Kxg7 11. cxd5 Qxd5 12. d4 Na6 13. e4 Qd6 14. d5 e6 15. Nd2
exd5 16. exd5 Rad8 17. Nc4 Qf6 18. Qd2 Nb4 19. Ne3 h5 20. Rad1 Ba6 21. Rfe1 Nd3
22. Re2 Ne5 23. f4 Nc6 24. Rf2 Nd4 25. Nc2 Nxc2 26. Qxc2 Rfe8 27. Qb2 Qxb2 1/2-1/2

[Event "World Rapid 2019"]
[Site "Moscow RUS"]
[Date "2019.12.27"]
[Round "6.31"]
[White "Dreev, Aleksey"]
[Black "Gelfand, Boris"]
[Result "1/2-1/2"]
[WhiteTitle "GM"]
[BlackTitle "GM"]
[WhiteElo "2677"]
[BlackElo "2684"]
[WhiteFideId "4100107"]
[BlackFideId "2805677"]
[EventDate "2019.12.26"]

1. d4 Nf6 2. c4 e6 3. Nc3 Bb4 4. Qc2 O-O 5. a3 Bxc3+ 6. Qxc3 d5 7. Bg5 h6 8.
Bxf6 Qxf6 9. Nf3 dxc4 10. Qxc4 Nc6 11. Rd1 Rd8 12. Qc3 Rb8 13. e3 e5 14. d5 Ne7
15. Qxe5 Qxe5 16. Nxe5 Rxd5 17. Rxd5 Nxd5 18. Bc4 Be6 19. O-O Rd8 20. Rd1 Rd6
21. Nf3 Kf8 22. Nd4 Bg4 23. Rc1 c6 24. h3 Bd7 25. b4 Ke7 26. Kf1 g6 27. h4 Nf4
28. f3 Ne6 29. Nb3 f5 30. Ke2 b6 31. Bd3 Kf6 32. g3 Nd8 33. Bc4 Nf7 34. Bxf7
Kxf7 35. Nd4 g5 36. hxg5 hxg5 37. f4 g4 38. Kd3 Rh6 39. e4 Rh3 40. Nxf5 Bxf5 41.
exf5 Rxg3+ 42. Ke4 Rxa3 43. Rxc6 g3 44. Rc7+ Kf6 45. Rc6+ Kg7 46. Rc7+ Kh6 47.
Rc8 Kg7 48. Rc7+ 1/2-1/2

[Event "World Rapid 2019"]
[Site "Moscow RUS"]
[Date "2019.12.27"]
[Round "6.32"]
[White "Zhigalko, Sergei"]
[Black "Sethuraman, S.P."]
[Result "1/2-1/2"]
[WhiteTitle "GM"]
[BlackTitle "GM"]
[WhiteElo "2571"]
[BlackElo "2638"]
[WhiteFideId "13502956"]
[BlackFideId "5021596"]
[EventDate "2019.12.26"]

1. e4 c5 2. c3 Nf6 3. e5 Nd5 4. Nf3 d6 5. Bc4 Nb6 6. Bb3 c4 7. Bc2 dxe5 8. Nxe5
Qd5 9. Qe2 f6 10. Nf3 Qe6 11. d4 cxd3 12. Bxd3 Qxe2+ 13. Bxe2 e5 14. Be3 Be6 15.
Bxb6 axb6 16. Nbd2 Nc6 17. a3 O-O-O 18. O-O-O Be7 19. Nc4 Kc7 20. Ne3 Bc5 21.
Nd2 Ne7 22. Bc4 Bd7 23. Rhe1 Ba4 24. Nb3 Bxe3+ 25. fxe3 Rxd1+ 26. Rxd1 Nf5 27.
Re1 Bc6 28. e4 Nd6 29. Bd3 Rd8 30. Nd2 Nf7 31. Bc4 Nd6 32. Bd3 Nf7 33. Bc4 Nd6 1/2-1/2

[Event "World Rapid 2019"]
[Site "Moscow RUS"]
[Date "2019.12.27"]
[Round "6.33"]
[White "Yuffa, Daniil"]
[Black "Alekseenko, Kirill"]
[Result "1/2-1/2"]
[WhiteTitle "GM"]
[BlackTitle "GM"]
[WhiteElo "2566"]
[BlackElo "2704"]
[WhiteFideId "24131423"]
[BlackFideId "4135539"]
[EventDate "2019.12.26"]

1. d4 Nf6 2. c4 e6 3. g3 d5 4. Nf3 Bb4+ 5. Bd2 Be7 6. Bg2 O-O 7. O-O Nbd7 8. Qc2
c6 9. Rd1 b6 10. Bf4 Bb7 11. Nbd2 Nh5 12. Be3 Nhf6 13. Bf4 Nh5 14. Be3 Nhf6 15.
Bf4 1/2-1/2

[Event "World Rapid 2019"]
[Site "Moscow RUS"]
[Date "2019.12.27"]
[Round "6.34"]
[White "Chigaev, Maksim"]
[Black "Nozdrachev, Vladislav"]
[Result "1-0"]
[WhiteTitle "GM"]
[BlackTitle "IM"]
[WhiteElo "2631"]
[BlackElo "2494"]
[WhiteFideId "4108116"]
[BlackFideId "24113441"]
[EventDate "2019.12.26"]

1. e4 e5 2. Nf3 Nc6 3. Bb5 a6 4. Ba4 Nf6 5. Nc3 Bd6 6. d3 O-O 7. a3 Re8 8. Bb3
Bf8 9. h3 d6 10. O-O h6 11. Be3 Be6 12. Bxe6 fxe6 13. Ne2 d5 14. Ng3 Bd6 15. c3
Rf8 16. b4 Ne7 17. c4 c6 18. Re1 Ng6 19. Rb1 Kh7 20. Bd2 d4 21. a4 b5 22. c5 Bc7
23. Ra1 Nf4 24. Qb3 g5 25. axb5 cxb5 26. Ra2 Qd7 27. Rea1 Qc6 28. Bxf4 gxf4 29.
Ne2 Ra7 30. Ra3 Rfa8 31. Kh1 a5 32. bxa5 Ra6 33. Nc1 Nd7 34. Na2 Nxc5 35. Qb1
Rxa5 36. Nb4 Rxa3 37. Rxa3 Qb7 38. Rxa8 Qxa8 39. Qc1 Bd6 40. Nxe5 Nb3 41. Qxf4
Qf8 42. Qxf8 Bxf8 43. Nbc6 Nc1 44. Nd7 Ba3 45. Nxd4 Nxd3 46. Nxb5 Bb4 47. Kg1
Be1 48. Kf1 Bxf2 49. Ke2 Nc5 50. Nxc5 Bxc5 51. Nc7 e5 52. Kf3 Kg6 53. Nd5 h5 54.
g3 Ba3 55. Ne3 Bb4 56. Nc4 Kf6 57. Ne3 Kg6 58. Nf5 Ba5 59. Ke2 Kf6 60. Kd3 Be1
61. Kc4 Bf2 62. Kd5 Be1 63. Kc4 Bf2 64. Kd3 Be1 65. Ke2 Ba5 66. Kf3 Be1 67. h4
Kg6 68. g4 Bb4 69. Ng3 hxg4+ 70. Kxg4 Bd2 71. Nf5 Kf6 72. Kh5 Bf4 73. Nd6 Be3
74. Nb5 Bd2 75. Nc7 Kg7 76. Ne8+ Kf7 77. Nd6+ Kf6 78. Nc4 Bc1 79. Nb6 Bd2 80.
Nd5+ Kf7 81. Kg4 Ke6 82. Nb6 Kf6 83. Nc4 Bc1 84. Nd6 Ke6 85. Nf5 Kf6 86. Ng3 Kg6
87. h5+ Kf6 88. Ne2 Bd2 89. Ng1 Be3 90. Nf3 Bf4 91. Nd4 Bc1 92. Nb5 Bd2 93. Nc7
Bc1 94. Nd5+ Ke6 95. Kf3 Kf7 96. Kf2 Bg5 97. Ne3 Bf4 98. Ng4 Ke6 99. Ke2 Bg5
100. Kd3 Bd8 101. Kc4 Bb6 102. h6 Kf7 103. Nxe5+ Kg8 104. Ng4 Kf7 105. Kd5 Kg6
106. e5 Ba5 107. e6 Bb4 1-0

[Event "World Rapid 2019"]
[Site "Moscow RUS"]
[Date "2019.12.27"]
[Round "6.35"]
[White "Shimanov, Aleksandr"]
[Black "Xu, Yinglun"]
[Result "1-0"]
[WhiteTitle "GM"]
[BlackTitle "GM"]
[WhiteElo "2587"]
[BlackElo "2555"]
[WhiteFideId "4198603"]
[BlackFideId "8604940"]
[EventDate "2019.12.26"]

1. Nf3 d5 2. e3 Nf6 3. c4 e6 4. b3 b6 5. Bb2 Bb7 6. Nc3 dxc4 7. bxc4 c5 8. d3
Be7 9. g3 Nc6 10. Qe2 O-O 11. Rd1 a6 12. Bg2 b5 13. O-O Qa5 14. Nd2 Qb6 15. a3
Rfd8 16. Nce4 Nxe4 17. Nxe4 f5 18. Nd2 Na5 19. e4 bxc4 20. Nxc4 Nxc4 21. dxc4
Qc6 22. Rb1 Rac8 23. Bc3 Ba8 24. Ba5 Rd4 25. Rb6 Qd7 26. Bc3 Rd3 27. Qb2 Bd8 28.
Rxa6 Bxe4 29. Bxe4 fxe4 30. Re1 Rd1 31. Qe2 Rxe1+ 32. Qxe1 Rc6 33. Ra8 Rc8 34.
Rxc8 Qxc8 35. Qxe4 Bf6 36. Bxf6 gxf6 37. Qf4 Kf7 38. Qd6 Qb7 39. h4 Qa7 40. Qd3
f5 41. Qb3 Qa5 42. Qe3 Qb6 43. Kh2 Qc6 44. h5 Kf6 45. Qh6+ Ke5 46. Qxh7 Kd4 47.
h6 Qf3 48. Qd7+ Kc3 49. Kg1 f4 50. h7 1-0

[Event "World Rapid 2019"]
[Site "Moscow RUS"]
[Date "2019.12.27"]
[Round "6.36"]
[White "Sjugirov, Sanan"]
[Black "Drygalov, Sergey"]
[Result "1-0"]
[WhiteTitle "GM"]
[BlackTitle "IM"]
[WhiteElo "2665"]
[BlackElo "2473"]
[WhiteFideId "4189302"]
[BlackFideId "24171743"]
[EventDate "2019.12.26"]

1. e4 e5 2. Nf3 Nc6 3. Bb5 a6 4. Ba4 Nf6 5. O-O b5 6. Bb3 Bc5 7. a4 Rb8 8. axb5
axb5 9. Nxe5 Nxe5 10. d4 Bxd4 11. Qxd4 d6 12. f4 c5 13. Qd1 Nc6 14. e5 dxe5 15.
Qxd8+ Kxd8 16. fxe5 Nxe5 17. Bf4 Nfd7 18. Bxf7 Rb6 19. Bd5 Ba6 20. Nd2 Rd6 21.
Ne4 Rxd5 22. Rxa6 Kc7 23. Nc3 Rd4 24. Re6 Rxf4 25. Nxb5+ Kb7 26. Rxf4 Ra8 27.
Nd6+ Kc7 28. Ne8+ Kb7 29. Nxg7 Ra2 30. Rf5 Rxb2 31. Rfxe5 Nxe5 32. Rxe5 Rxc2 33.
Nf5 c4 34. Ne3 Rc1+ 35. Kf2 c3 36. Rc5 Kb6 37. Rxc3 1-0

[Event "World Rapid 2019"]
[Site "Moscow RUS"]
[Date "2019.12.27"]
[Round "6.37"]
[White "Utegaliyev, Azamat"]
[Black "Antipov, Mikhail Al."]
[Result "1-0"]
[BlackTitle "GM"]
[WhiteElo "2502"]
[BlackElo "2549"]
[WhiteFideId "13702467"]
[BlackFideId "4107012"]
[EventDate "2019.12.26"]

1. e4 e5 2. Nf3 Nc6 3. Nc3 Nf6 4. g3 Bc5 5. Bg2 d6 6. d3 a5 7. O-O O-O 8. h3 h6
9. Kh2 Be6 10. Be3 Bxe3 11. fxe3 Ne7 12. Nh4 c6 13. Qd2 b5 14. Rf2 b4 15. Ne2 d5
16. exd5 cxd5 17. Raf1 Nd7 18. g4 Re8 19. Ng3 Nf8 20. e4 dxe4 21. Bxe4 Ra6 22.
Nh5 Nh7 23. Bxh7+ Kxh7 24. Rxf7 Bxf7 25. Rxf7 Rg8 26. Qe3 Qe8 27. Qf3 Ng6 28.
Qb7 Qxf7 29. Qxf7 Nxh4 30. Qc4 Ra7 31. Qe4+ Ng6 32. Ng3 Rf8 33. Nf5 Kh8 34. Nxh6
Nh4 35. Kg3 gxh6 36. Qxe5+ Kh7 37. Kxh4 Rg8 38. c4 bxc3 39. bxc3 Rg5 40. Qe4+
Kh8 41. c4 Rag7 42. Qf4 R5g6 43. c5 Kg8 44. d4 Rf7 45. Qe4 Rgf6 46. c6 h5 47. d5
hxg4 48. hxg4 1-0

[Event "World Rapid 2019"]
[Site "Moscow RUS"]
[Date "2019.12.27"]
[Round "6.38"]
[White "Andriasian, Zaven"]
[Black "Petrosyan, Manuel"]
[Result "1-0"]
[WhiteTitle "GM"]
[BlackTitle "GM"]
[WhiteElo "2611"]
[BlackElo "2613"]
[WhiteFideId "13302000"]
[BlackFideId "13300857"]
[EventDate "2019.12.26"]

1. e4 e5 2. Nf3 Nc6 3. Bc4 Nf6 4. d3 Bc5 5. Nbd2 O-O 6. O-O d6 7. c3 a5 8. h3
Be6 9. Bb5 Qc8 10. Bxc6 bxc6 11. d4 exd4 12. cxd4 Bb6 13. b3 a4 14. Bb2 axb3 15.
axb3 Rxa1 16. Qxa1 d5 17. e5 Ne4 18. b4 f6 19. Qc1 Nxd2 20. Qxd2 Bf5 21. exf6
Rxf6 22. Ne5 h6 23. Re1 Be4 24. f3 Bf5 25. Kh2 Qa6 26. Ra1 Qc8 27. Bc3 Re6 28.
g4 Bh7 29. Kg2 Rf6 30. Qa2 Kf8 31. b5 cxb5 32. Qxd5 c6 33. Nd7+ Ke7 34. Nxb6
cxd5 35. Nxc8+ Kd7 36. Na7 Bd3 37. Bb4 Kc7 38. Re1 Rf7 39. Re6 Kb7 40. Nc6 Rc7
41. Na5+ Kc8 42. Re8+ Kd7 43. Re7+ Kc8 44. Rxc7+ Kxc7 45. Nb3 1-0

[Event "World Rapid 2019"]
[Site "Moscow RUS"]
[Date "2019.12.27"]
[Round "6.39"]
[White "Najer, Evgeniy"]
[Black "Murzin, Volodar"]
[Result "1/2-1/2"]
[WhiteTitle "GM"]
[BlackTitle "IM"]
[WhiteElo "2661"]
[BlackElo "2442"]
[WhiteFideId "4118987"]
[BlackFideId "44155573"]
[EventDate "2019.12.26"]

1. e4 c6 2. d4 d5 3. e5 Bf5 4. Nf3 e6 5. Be2 Ne7 6. O-O c5 7. Na3 Nec6 8. c4
cxd4 9. cxd5 Bxa3 10. dxc6 Nxc6 11. Qb3 d3 12. Rd1 Qc7 13. Bxd3 Bxd3 14. Rxd3
Be7 15. Bg5 O-O 16. Bxe7 Qxe7 17. Rad1 Rad8 18. Rd6 Nxe5 19. Rxd8 Nxf3+ 20. gxf3
Rxd8 21. Rxd8+ Qxd8 22. Qxb7 Qg5+ 23. Kf1 Qc1+ 24. Kg2 Qg5+ 25. Kf1 1/2-1/2

[Event "World Rapid 2019"]
[Site "Moscow RUS"]
[Date "2019.12.27"]
[Round "6.40"]
[White "Geller, Jakov"]
[Black "Sarana, Alexey"]
[Result "0-1"]
[WhiteTitle "GM"]
[BlackTitle "GM"]
[WhiteElo "2521"]
[BlackElo "2663"]
[WhiteFideId "4151984"]
[BlackFideId "24133795"]
[EventDate "2019.12.26"]

1. c4 e5 2. Nc3 Nf6 3. Nf3 Nc6 4. a3 g6 5. g3 Bg7 6. Bg2 O-O 7. O-O Re8 8. d3 d6
9. Rb1 e4 10. dxe4 Nxe4 11. Nxe4 Rxe4 12. Nd2 Re8 13. b4 Bg4 14. Re1 a5 15. Bb2
Bxb2 16. Rxb2 Qf6 17. Rb3 axb4 18. Bxc6 bxc6 19. axb4 Ra2 20. Kg2 Qd4 21. Rd3
Qb2 22. Nf3 Qxb4 23. Rd4 Bxf3+ 24. Kxf3 Qb2 25. Rf4 Re5 26. h4 h5 27. Qd4 Rxe2
28. Rxe2 Qxe2+ 29. Kg2 Qe5 30. Qd3 Re2 31. Qf3 Qe8 32. c5 d5 33. Rxf7 Rxf2+ 34.
Qxf2 Qxf7 35. Qe3 Qd7 36. Qe5 d4 37. Kf2 Kf7 38. Qe2 Qf5+ 39. Kg2 Qxc5 40. Qf3+
Kg7 41. Qf4 Qd5+ 42. Kg1 Qd6 43. Qf2 c5 0-1

[Event "World Rapid 2019"]
[Site "Moscow RUS"]
[Date "2019.12.27"]
[Round "6.41"]
[White "Adhiban, Baskaran"]
[Black "Suleymanli, Aydin"]
[Result "0-1"]
[WhiteTitle "GM"]
[BlackTitle "IM"]
[WhiteElo "2654"]
[BlackElo "2473"]
[WhiteFideId "5018471"]
[BlackFideId "13413937"]
[EventDate "2019.12.26"]

1. Nf3 Nf6 2. c4 e6 3. g3 d5 4. Bg2 Be7 5. O-O O-O 6. b3 c5 7. Bb2 d4 8. e3 Nc6
9. exd4 cxd4 10. Re1 Ne8 11. Ne5 Qb6 12. Na3 Nxe5 13. Rxe5 f6 14. Re1 e5 15. Nc2
Qc7 16. Qe2 Bd6 17. Nxd4 exd4 18. Bd5+ Kh8 19. Qxe8 Bg4 20. Qb5 Rab8 21. Bxd4
Bd7 22. Bxa7 Bxb5 23. Bxb8 Rxb8 24. cxb5 Be5 25. Rac1 Qd7 26. Bc4 h5 27. Rcd1 h4
28. d4 Bd6 29. Re4 g5 30. Rde1 Bb4 31. R1e2 h3 32. a4 Rc8 33. g4 Kg7 34. f3 f5
35. gxf5 Qxf5 36. Be6 Rc1+ 37. Kf2 Qf6 38. Bxh3 Qd6 39. Kg2 Rd1 40. Re5 Qxd4 41.
Bg4 Rg1+ 42. Kh3 Qd8 43. Re8 Qd3 44. R8e4 Qd1 45. Rg2 Qf1 46. Re2 Bc5 47. a5
Rxg2 48. Rxg2 Qxb5 49. Bf5 Kf6 50. Be4 Qxa5 51. Bxb7 Qc7 52. Be4 Qc8+ 53. Rg4
Bd6 54. Kg2 Qh8 55. h3 Bc7 56. h4 gxh4 57. Kh3 Bg3 58. b4 Qb8 59. Bc6 Qd6 60. b5
Qd1 61. Rg8 Qf1+ 62. Kg4 Qc4+ 0-1

[Event "World Rapid 2019"]
[Site "Moscow RUS"]
[Date "2019.12.27"]
[Round "6.42"]
[White "Narayanan, Srinath"]
[Black "Popov, Ivan RUS"]
[Result "0-1"]
[WhiteTitle "GM"]
[BlackTitle "GM"]
[WhiteElo "2529"]
[BlackElo "2636"]
[WhiteFideId "5018420"]
[BlackFideId "4170350"]
[EventDate "2019.12.26"]

1. e4 c5 2. Nf3 d6 3. d4 cxd4 4. Qxd4 Nc6 5. Qe3 g6 6. Be2 Bh6 7. Qc3 Qa5 8.
Bxh6 Nxh6 9. O-O O-O 10. Qxa5 Nxa5 11. Nc3 Be6 12. Nd4 Rac8 13. Rad1 Nc4 14.
Bxc4 Bxc4 15. Rfe1 Rc5 16. Na4 Ra5 17. b3 Rc8 18. h3 b5 19. Nc3 b4 20. Na4 Ba6
21. c3 bxc3 22. Rc1 Bb7 23. Rxc3 Rxc3 24. Nxc3 Rc5 25. Re3 Kf8 26. Kf1 Ng8 27.
Ke2 Nf6 28. Kd2 h5 29. h4 Ng4 30. Rf3 Ke8 31. Nde2 f5 32. Ng3 e6 33. a4 Ke7 34.
Rf4 e5 35. Rf3 Nf6 36. Rd3 f4 37. b4 Rc4 38. Nge2 Nxe4+ 39. Nxe4 Bxe4 40. Rb3
Rc2+ 41. Ke1 Bxg2 42. f3 Bh3 43. b5 Be6 44. b6 axb6 45. Rxb6 Bc4 46. Ng1 Rc1+
47. Kf2 Rc2+ 48. Ke1 Ra2 49. Rb4 d5 50. Nh3 Kd6 51. Rb6+ Kc5 52. Rxg6 Rxa4 53.
Rg5 Ra1+ 54. Kf2 Ra2+ 55. Ke1 Re2+ 56. Kd1 Rh2 57. Ng1 Kd4 58. Rxh5 e4 0-1